[Event "European Blitz 2021"]
[Site "Katowice POL"]
[Date "2021.12.17"]
[Round "15.4"]
[White "Pakleza, Zbigniew"]
[Black "Lewtak, Damian"]
[Result "1/2-1/2"]
[WhiteTitle "GM"]
[BlackTitle "IM"]
[WhiteElo "2489"]
[BlackElo "2383"]
[WhiteFideId "1119290"]
[BlackFideId "1141724"]
[EventDate "2021.12.17"]

1. d4 Nf6 2. Nf3 d5 3. Bf4 e6 4. e3 Bd6 5. Bg3 c5 6. c3 Qc7 7. Ne5 Nbd7 8. f4
Ne4 9. Nd2 Nxg3 10. hxg3 Nxe5 11. fxe5 Be7 12. Qg4 g6 13. Nf3 Qb6 14. O-O-O Bd7
15. Bd3 O-O-O 16. Ng5 h5 17. Qf4 Bxg5 18. Qxg5 Bb5 19. Bxb5 Qxb5 20. Rdf1 Rd7
21. g4 Qa6 22. a3 Qe2 23. Qf4 Qxg2 24. Rh2 Qe4 25. Qxe4 dxe4 26. gxh5 cxd4 27.
exd4 gxh5 28. Kd2 Kd8 29. Ke3 Ke7 30. Kxe4 Rdd8 31. Rg1 Rh7 32. Rh4 b5 33. Rg5
Rdh8 34. b3 a6 35. c4 bxc4 36. bxc4 Rc8 37. c5 Rb8 38. Rhxh5 Rxh5 39. Rxh5 Rb3
40. Rh8 Rxa3 41. Ra8 Ra1 42. Ra7+ Ke8 43. c6 Rc1 44. Rxa6 Ke7 45. Ra7+ Kd8 46.
Rd7+ Kc8 47. Rxf7 Rxc6 48. Kf4 Rc4 49. Kg5 Rxd4 50. Kf6 Rd1 51. Kxe6 Kd8 52.
Rf8+ Kc7 53. Rh8 Re1 54. Kf6 Kd7 55. Rh7+ Ke8 56. Ke6 Kf8 57. Rb7 Re2 58. Rb8+
Kg7 59. Kd6 Kf7 60. Rb7+ Ke8 61. Ke6 Kf8 62. Ra7 Re1 63. Ra5 Re2 64. Ra8+ Kg7
65. Re8 Re1 66. Kd6 Kf7 67. Re7+ Kf8 68. Ra7 Re2 69. Ra5 Rd2+ 70. Ke6 Re2 71.
Ra8+ Kg7 72. Rd8 Re1 73. Rc8 Re2 74. Kd6 Kf7 75. Rc7+ Kf8 76. Rc4 Ke8 77. Ke6
Kf8 78. Rf4+ Ke8 79. Rh4 Kf8 80. Rh8+ Kg7 81. Re8 Re1 82. Kd7 Kf7 83. e6+ Kf6
84. Rf8+ Kg7 85. Rf7+ Kg8 86. Ke7 Ra1 87. Rf2 Ra7+ 88. Kf6 Kf8 89. Rb2 Rf7+ 90.
Ke5 Rf1 91. Rb8+ Ke7 92. Rb7+ Ke8 93. Kd6 Rd1+ 1/2-1/2

[Event "European Blitz 2021"]
[Site "Katowice POL"]
[Date "2021.12.17"]
[Round "15.49"]
[White "Wisniewski, Michal"]
[Black "Sotsky, Alexander"]
[Result "1-0"]
[WhiteTitle "FM"]
[BlackTitle "IM"]
[WhiteElo "2103"]
[BlackElo "2333"]
[WhiteFideId "1159682"]
[BlackFideId "4130715"]
[EventDate "2021.12.17"]

1. Nf3 d5 2. c4 e6 3. g3 c6 4. Bg2 f5 5. O-O Nf6 6. d3 Bc5 7. Nc3 O-O 8. e4 dxe4
9. dxe4 Qxd1 10. Rxd1 fxe4 11. Ng5 Ng4 12. Ngxe4 Bxf2+ 13. Nxf2 Nxf2 14. Rf1 Ng4
15. Rxf8+ Kxf8 16. h3 Nf6 17. Bf4 Nbd7 18. Bd6+ Kf7 19. g4 h6 20. Rf1 e5 21. c5
a5 22. h4 Kg8 23. g5 Ng4 24. Be4 a4 25. Rf3 a3 26. b3 h5 27. Bg6 Ra5 28. b4 Ra6
29. Bxh5 e4 30. Nxe4 Nge5 31. Rf1 Ra4 32. Be7 Rxb4 33. Nd6 Rxh4 34. Bd1 Rd4 35.
Nxc8 Nf7 36. Bb3 Ne5 37. g6 Nxg6 38. Bxf7+ Kh7 39. Bxg6+ Kxg6 40. Bd6 Rd2 41.
Rf2 Rd5 42. Ne7+ 1-0

[Event "European Blitz 2021"]
[Site "Katowice POL"]
[Date "2021.12.17"]
[Round "15.50"]
[White "Bauer, Thomas"]
[Black "Czernek, Tymon"]
[Result "0-1"]
[WhiteTitle "CM"]
[BlackTitle "FM"]
[WhiteElo "2214"]
[BlackElo "2224"]
[WhiteFideId "1639293"]
[BlackFideId "1199510"]
[EventDate "2021.12.17"]

1. e4 c5 2. Nf3 d6 3. Bb5+ Nd7 4. Ba4 Nf6 5. O-O g6 6. c4 Bg7 7. Nc3 O-O 8. h3
Nb6 9. Bb3 Be6 10. d3 Rc8 11. Bf4 h6 12. Qd2 Kh7 13. Rae1 g5 14. Bh2 g4 15. hxg4
Bxg4 16. Qf4 e5 17. Qe3 Nh5 18. Bd1 Rg8 19. Ng5+ Qxg5 20. Qxg5 hxg5 21. Bxg4 Nf4
22. Bf5+ Kh6 23. Bxf4 exf4 24. Bxc8 Rxc8 25. g3 f3 26. g4 Nd7 27. Nb5 Rc6 28.
Nxa7 Ra6 29. Nb5 Ne5 30. b3 Nxg4 31. a4 Be5 32. Rc1 Kg6 33. Nc7 Rb6 34. Rfd1
Rxb3 35. Rb1 Ra3 36. Rxb7 Bh2+ 37. Kf1 Ra2 38. Rb6 Rxf2+ 39. Ke1 Re2+ 40. Kf1
Ne3# 0-1

[Event "European Blitz 2021"]
[Site "Katowice POL"]
[Date "2021.12.17"]
[Round "16.37"]
[White "Karolczuk, Iwo"]
[Black "Skawinski, Arkadiusz"]
[Result "1/2-1/2"]
[WhiteTitle "FM"]
[BlackTitle "FM"]
[WhiteElo "2357"]
[BlackElo "2366"]
[WhiteFideId "21816972"]
[BlackFideId "1126415"]
[EventDate "2021.12.17"]

1. d4 d5 2. Nf3 Nf6 3. c4 e6 4. e3 a6 5. Nbd2 Be7 6. b3 O-O 7. Bb2 b6 8. cxd5
Nxd5 9. Bd3 Bb7 10. O-O Nd7 11. Rc1 c5 12. Bb1 Rc8 13. Ne4 N7f6 14. dxc5 Nxe4
15. Bxe4 Bxc5 16. Bb1 Qe7 17. Qe2 b5 18. Rfd1 h6 19. Ne5 Rfd8 20. Qg4 Nf6 21.
Qh4 Rxd1+ 22. Rxd1 Ba3 23. Bd4 Ne4 24. Qg4 Nf6 25. Qh4 1/2-1/2

[Event "European Blitz 2021"]
[Site "Katowice POL"]
[Date "2021.12.17"]
[Round "16.54"]
[White "Bognar, Csaba Dr."]
[Black "Sliwicki, Damian"]
[Result "1-0"]
[WhiteTitle "FM"]
[BlackTitle "CM"]
[WhiteElo "2135"]
[BlackElo "2168"]
[WhiteFideId "709760"]
[BlackFideId "1127128"]
[EventDate "2021.12.17"]

1. d4 d5 2. Nf3 Nf6 3. g3 c5 4. dxc5 Nc6 5. a3 a5 6. c3 e6 7. Nd4 Bxc5 8. Nxc6
bxc6 9. Bg2 e5 10. O-O Be6 11. c4 O-O 12. Nc3 Bd4 13. Na4 Rb8 14. e3 Ba7 15. Bd2
e4 16. c5 Nd7 17. Rc1 Ne5 18. Rc2 Bg4 19. Qa1 Qf6 20. Bc3 Nf3+ 21. Kh1 Qh6 22.
h4 Nxh4 23. gxh4 Rbe8 24. f4 exf3 25. Bxf3 Bb8 26. Bxg4 Qxh4+ 27. Kg1 Rxe3 28.
Rg2 Rg3 29. Rf2 Rxg4 30. Rxg4 Qxg4+ 31. Rg2 Bh2+ 32. Kxh2 Qh4+ 33. Kg1 d4 34.
Be1 Qe4 35. Qd1 Re8 36. Bf2 d3 37. Qg4 Qe5 38. Bd4 Qe1+ 39. Kh2 g6 40. Qg3 Qe4
41. Qg4 Qxg4 42. Rxg4 d2 43. Rg1 Re1 44. Nc3 f5 45. Bf2 Re5 46. Rd1 g5 47. Rxd2
f4 48. Rd4 h5 49. Kg2 Kf7 50. Kf3 Kg6 51. Ne4 h4 52. Kg4 h3 53. Rd6+ Kg7 54.
Nxg5 h2 55. Rd1 Re2 56. Bd4+ Kg6 57. Nf3 Rg2+ 58. Kxf4 Kh5 59. Rh1 Kg6 60. Rxh2
Rxh2 61. Nxh2 Kf7 62. Ke5 Ke8 63. Kd6 Kd8 64. Kxc6 Kc8 65. Kb6 a4 66. Kb5 1-0

[Event "European Blitz 2021"]
[Site "Katowice POL"]
[Date "2021.12.17"]
[Round "16.57"]
[White "Piesik, Piotr"]
[Black "Zima, Teofil"]
[Result "1-0"]
[WhiteTitle "IM"]
[WhiteElo "2407"]
[BlackElo "2020"]
[WhiteFideId "1136194"]
[BlackFideId "1148737"]
[EventDate "2021.12.17"]

1. Nf3 c5 2. g3 b6 3. Bg2 Bb7 4. O-O g6 5. c4 Bg7 6. Nc3 Nf6 7. d3 O-O 8. e4 d6
9. Ne1 e6 10. e5 Bxg2 11. exf6 Bxf1 12. fxg7 Kxg7 13. Kxf1 Nc6 14. f4 d5 15. Nf3
Qd6 16. Qe2 Rad8 17. b3 f5 18. Bb2 d4 19. Nd1 Rde8 20. Ne5 Nxe5 21. Qxe5+ Qxe5
22. fxe5 a5 23. Nf2 g5 24. Bc1 Kg6 25. Bd2 h6 26. Rb1 Rb8 27. a3 1-0

[Event "European Blitz 2021"]
[Site "Katowice POL"]
[Date "2021.12.17"]
[Round "18.12"]
[White "Blohberger, Felix"]
[Black "Bjerre, Jonas Buhl"]
[Result "0-1"]
[WhiteTitle "IM"]
[BlackTitle "GM"]
[WhiteElo "2503"]
[BlackElo "2586"]
[WhiteFideId "1632051"]
[BlackFideId "1444948"]
[EventDate "2021.12.17"]

1. d4 Nf6 2. Nf3 e6 3. Bf4 d5 4. e3 Bd6 5. Nbd2 O-O 6. Bg3 c5 7. c3 b6 8. Ne5
Qc7 9. Bd3 Nc6 10. Nxc6 Qxc6 11. O-O Bxg3 12. hxg3 Bb7 13. f4 Ne4 14. Nxe4 dxe4
15. Be2 b5 16. a4 a6 17. Qb3 c4 18. Qb4 Rfb8 19. Ra2 a5 20. Qxb5 Qxb5 21. axb5
Bd5 22. Rfa1 Rxb5 23. b4 cxb3 24. Bxb5 bxa2 25. c4 Rb8 26. Kf2 Kf8 27. g4 h6 28.
f5 Ke7 29. Kg3 g5 30. fxe6 Bxe6 31. Kf2 a4 32. Kg3 a3 33. Kf2 Kd8 34. Kg3 Kc7
35. Kf2 Rb6 36. Kg3 Rxb5 37. cxb5 Kb6 38. Kf2 Kxb5 39. Ke2 Kb4 40. Kd2 Kb3 41.
Rc1 Bc4 42. Rc3+ Kb4 43. Rc1 Bd3 44. Ra1 Kb3 45. d5 Kb2 46. d6 Bb5 47. Rc1 a1=Q
48. Rxa1 Kxa1 49. Kc1 a2 50. Kc2 Bd7 51. Kc1 Bxg4 0-1

[Event "European Blitz 2021"]
[Site "Katowice POL"]
[Date "2021.12.17"]
[Round "18.17"]
[White "Starek, Stanislav"]
[Black "Bernadskiy, Vitaliy"]
[Result "0-1"]
[BlackTitle "GM"]
[WhiteElo "2198"]
[BlackElo "2599"]
[WhiteFideId "349844"]
[BlackFideId "14100371"]
[EventDate "2021.12.17"]

1. d4 Nf6 2. Nf3 g6 3. Nc3 d6 4. Bg5 Nbd7 5. Qd2 h6 6. Bf4 c5 7. e3 Nh5 8. Bg3
Bg7 9. Be2 O-O 10. Bh4 b6 11. g4 Nhf6 12. g5 hxg5 13. Bxg5 Bb7 14. Rg1 a6 15. d5
b5 16. h4 b4 17. Nd1 Bxd5 18. e4 Bxe4 19. Bh6 Bxf3 20. Bxf3 Ne5 21. Bh1 Qd7 22.
Bxg7 Kxg7 23. Ne3 d5 24. f4 Nc6 25. h5 d4 26. hxg6 dxe3 27. gxf7+ Kxf7 28. Qxd7
Nxd7 29. Bxc6 Rad8 30. Bxd7 Rxd7 31. Ke2 Rd2+ 32. Kxe3 Rxc2 33. Rgc1 Rxb2 34.
Rxc5 Rh8 35. Rf5+ Ke8 36. Rc1 Rh3+ 37. Ke4 Ra3 38. Rc8+ Kd7 39. Ra8 Raxa2 40.
Ra7+ Kc6 41. Re5 Re2+ 42. Kf5 Rxe5+ 43. fxe5 b3 0-1

[Event "European Blitz 2021"]
[Site "Katowice POL"]
[Date "2021.12.17"]
[Round "18.34"]
[White "Skawinski, Arkadiusz"]
[Black "Piesik, Piotr"]
[Result "1-0"]
[WhiteTitle "FM"]
[BlackTitle "IM"]
[WhiteElo "2366"]
[BlackElo "2407"]
[WhiteFideId "1126415"]
[BlackFideId "1136194"]
[EventDate "2021.12.17"]

1. e4 g6 2. d4 Bg7 3. Nf3 c6 4. Nc3 d6 5. Be3 Nf6 6. Qd2 b5 7. Bd3 O-O 8. h4 h5
9. Ng5 e5 10. a4 exd4 11. Bxd4 b4 12. Ne2 c5 13. Be3 Nc6 14. f3 Ne5 15. c3 Nxd3+
16. Qxd3 a5 17. Rd1 d5 18. e5 Ba6 19. exf6 Bxd3 20. fxg7 Re8 21. Rxd3 c4 22. Rd2
Rxe3 23. O-O bxc3 24. bxc3 Rb8 25. Rfd1 Qe8 26. Nf4 Re1+ 27. Kf2 Rxd1 28. Rxd1
Rb2+ 29. Kg3 Qxa4 30. Rxd5 Kxg7 31. Re5 Qd7 32. Rxa5 Qe7 33. Ra4 Qe1+ 34. Kh3
Qh1+ 35. Kg3 Qe1+ 36. Kh3 Qxc3 37. Ra7 Rb8 38. Rxf7+ Kg8 39. Nxg6 Re8 40. Rc7
Qe1 41. Nf4 Qh1+ 42. Kg3 Qe1+ 43. Kh3 Qh1+ 44. Kg3 Qe1+ 45. Kh3 Qh1+ 46. Kg3
Qe1+ 47. Kh3 c3 48. Nxh5 Qe5 49. Rc4 c2 50. Ng3 Qd5 51. Rxc2 Qd7+ 52. Kh2 Qd6
53. Rc4 Rd8 54. Rg4 Rb8 55. Ne4+ 1-0

[Event "European Blitz 2021"]
[Site "Katowice POL"]
[Date "2021.12.17"]
[Round "18.38"]
[White "Kowalczyk, Mariusz"]
[Black "Snihur, Piotr"]
[Result "1/2-1/2"]
[WhiteElo "2047"]
[BlackElo "2279"]
[WhiteFideId "1126202"]
[BlackFideId "1157191"]
[EventDate "2021.12.17"]

1. e4 c6 2. d4 d5 3. Nc3 dxe4 4. Nxe4 Bf5 5. Ng3 Bg6 6. h4 h6 7. f4 e6 8. Nf3
Nd7 9. Be2 Ngf6 10. c3 Qc7 11. Ne5 Nxe5 12. fxe5 Nd5 13. O-O O-O-O 14. Qa4 Kb8
15. Qb3 f5 16. a4 Be7 17. h5 Be8 18. a5 f4 19. Ne4 Ne3 20. Rxf4 Nd5 21. Rf1 Rf8
22. Bd2 g5 23. a6 b6 24. Bg4 Bd7 25. Rae1 Bc8 26. Be2 Nf4 27. Qc4 b5 28. Qb3
Bxa6 29. Bxf4 gxf4 30. Ra1 Bc8 31. Bf3 a6 32. Rad1 Qb6 33. Nf6 Bxf6 34. exf6
Rxf6 35. Rfe1 Rf5 36. Qc2 Rg5 37. Qe4 Ka7 38. Qxf4 c5 39. dxc5 Qxc5+ 40. Kh1
Rxh5+ 41. Bxh5 Qxh5+ 42. Qh2 Qxh2+ 43. Kxh2 Rxd1 44. Rxd1 Kb6 45. Kg3 Kc5 46.
Kf4 Kc4 47. Ke5 Kb3 48. Rd2 a5 49. Kd4 Ba6 50. Kc5 b4 51. cxb4 axb4 52. Rd4 Kxb2
53. Rxb4+ Kc3 54. Rb6 Bc4 55. Rd6 Bd5 56. g3 Kd3 57. Rd8 Ke3 58. Kd6 Kf3 59. Rg8
Bc4 60. Ke5 h5 61. Rg5 Bd5 62. Kd4 Ba2 63. Kd3 e5 64. Rf5+ Kxg3 65. Rxh5 Kf4 66.
Rh2 Bd5 1/2-1/2

[Event "European Blitz 2021"]
[Site "Katowice POL"]
[Date "2021.12.17"]
[Round "19.1"]
[White "Duda, Jan-Krzysztof"]
[Black "Klekowski, Maciej"]
[Result "0-1"]
[WhiteTitle "GM"]
[BlackTitle "GM"]
[WhiteElo "2760"]
[BlackElo "2479"]
[WhiteFideId "1170546"]
[BlackFideId "1132717"]
[EventDate "2021.12.17"]

1. d4 Nf6 2. Nf3 e6 3. Bg5 d5 4. e3 Be7 5. Nbd2 b6 6. c3 Bb7 7. Bd3 Nbd7 8. O-O
h6 9. Bxf6 Nxf6 10. Ne5 O-O 11. f4 Nd7 12. Qh5 f5 13. Nxd7 Qxd7 14. Nf3 Qe8 15.
Qh3 a5 16. Rf2 c5 17. Kh1 Ba6 18. Bc2 cxd4 19. exd4 Bd6 20. Ne5 Bxe5 21. fxe5
Qg6 22. Rg1 Qg5 0-1

[Event "European Blitz 2021"]
[Site "Katowice POL"]
[Date "2021.12.17"]
[Round "19.2"]
[White "Demchenko, Anton"]
[Black "Teclaf, Pawel"]
[Result "0-1"]
[WhiteTitle "GM"]
[BlackTitle "IM"]
[WhiteElo "2654"]
[BlackElo "2542"]
[WhiteFideId "4160258"]
[BlackFideId "1185934"]
[EventDate "2021.12.17"]

1. e4 e6 2. d4 d5 3. Nd2 c5 4. exd5 Qxd5 5. dxc5 Nf6 6. Ngf3 Nc6 7. Bd3 Nb4 8.
Bc4 Qxc5 9. O-O Bd6 10. a3 Nbd5 11. b4 Qc7 12. Bb2 O-O 13. Bxd5 Nxd5 14. c4 Nf6
15. c5 Bf4 16. Bxf6 gxf6 17. Ne4 f5 18. Nf6+ Kh8 19. Nh5 Bh6 0-1

[Event "European Blitz 2021"]
[Site "Katowice POL"]
[Date "2021.12.17"]
[Round "19.3"]
[White "Danielyan, Vahe"]
[Black "Kovalenko, Igor"]
[Result "0-1"]
[WhiteTitle "IM"]
[BlackTitle "GM"]
[WhiteElo "2332"]
[BlackElo "2668"]
[WhiteFideId "13304828"]
[BlackFideId "14117908"]
[EventDate "2021.12.17"]

1. e4 c5 2. Nc3 e6 3. Nf3 a6 4. g3 b5 5. d4 cxd4 6. Nxd4 Bb7 7. Bg2 Nf6 8. a3
Qc7 9. O-O Nc6 10. Re1 Nxd4 11. Qxd4 Bc5 12. Qd3 Ng4 13. Nd1 O-O 14. h3 Ne5 15.
Qe2 Bc6 16. Kh2 d6 17. b3 Bd4 18. Bb2 Bxb2 19. Nxb2 Bb7 20. Rac1 Qc3 21. Nd3
Rac8 22. Nxe5 dxe5 23. Red1 Rc7 24. Qd3 Qb2 25. a4 0-1

[Event "European Blitz 2021"]
[Site "Katowice POL"]
[Date "2021.12.17"]
[Round "19.4"]
[White "Bjerre, Jonas Buhl"]
[Black "Schneider, Ilja"]
[Result "1/2-1/2"]
[WhiteTitle "GM"]
[BlackTitle "IM"]
[WhiteElo "2586"]
[BlackElo "2479"]
[WhiteFideId "1444948"]
[BlackFideId "4663306"]
[EventDate "2021.12.17"]

1. d4 d5 2. c4 c6 3. Nf3 Nf6 4. Nbd2 Bf5 5. Nh4 Be6 6. e3 g6 7. Be2 Bg7 8. O-O
O-O 9. Nhf3 Bg4 10. b4 Nbd7 11. Qb3 e5 12. dxe5 Nxe5 13. Bb2 dxc4 14. Nxc4 Nxf3+
15. gxf3 Bh3 16. Rfd1 Qe7 17. Kh1 Rad8 18. Be5 b5 19. Bd6 bxc4 20. Bxe7 cxb3 21.
Bxd8 Nd5 1/2-1/2

[Event "European Blitz 2021"]
[Site "Katowice POL"]
[Date "2021.12.17"]
[Round "19.5"]
[White "Kowalski, Igor"]
[Black "Wieczorek, Oskar"]
[Result "1-0"]
[WhiteTitle "IM"]
[BlackTitle "GM"]
[WhiteElo "2370"]
[BlackElo "2500"]
[WhiteFideId "1172468"]
[BlackFideId "1133950"]
[EventDate "2021.12.17"]

1. d4 Nf6 2. Nf3 c5 3. e3 g6 4. Be2 Bg7 5. O-O cxd4 6. exd4 O-O 7. c3 d5 8. Bf4
Nc6 9. Nbd2 Bf5 10. Ne5 Ne4 11. Nxc6 bxc6 12. Nxe4 dxe4 13. Qb3 a5 14. Rfd1 Be6
15. Qc2 f5 16. Qa4 Qc8 17. Rac1 h6 18. h4 Kh7 19. c4 Bf6 20. g3 g5 21. hxg5 hxg5
22. Be3 1-0

[Event "European Blitz 2021"]
[Site "Katowice POL"]
[Date "2021.12.17"]
[Round "19.6"]
[White "Balog, Imre"]
[Black "Janik, Igor"]
[Result "1-0"]
[WhiteTitle "GM"]
[BlackTitle "IM"]
[WhiteElo "2577"]
[BlackElo "2525"]
[WhiteFideId "728446"]
[BlackFideId "1159259"]
[EventDate "2021.12.17"]

1. d4 Nf6 2. Nf3 e6 3. Bg5 d5 4. e3 Be7 5. c4 O-O 6. Nc3 Nbd7 7. Rc1 a6 8. Qc2
dxc4 9. Bxc4 b5 10. Bd3 Bb7 11. Bxf6 Nxf6 12. Ne4 Bxe4 13. Bxe4 Bb4+ 14. Ke2 Rb8
15. Rhd1 Bd6 16. Bc6 Qe7 17. Qc3 Rb6 18. h3 Rd8 19. Ne5 g6 20. Bf3 Bxe5 21. dxe5
Ne8 1-0

[Event "European Blitz 2021"]
[Site "Katowice POL"]
[Date "2021.12.17"]
[Round "19.8"]
[White "Motylev, Alexander"]
[Black "Vetoshko, Volodymyr"]
[Result "1/2-1/2"]
[WhiteTitle "GM"]
[BlackTitle "GM"]
[WhiteElo "2633"]
[BlackElo "2501"]
[WhiteFideId "4121830"]
[BlackFideId "14122480"]
[EventDate "2021.12.17"]

1. e4 c5 2. Nf3 e6 3. c3 d5 4. e5 d4 5. Bd3 Nc6 6. O-O Nh6 7. Be4 Bd7 8. h3 Nf5
9. d3 Be7 10. c4 Qc7 11. Re1 O-O-O 12. a3 Kb8 13. b4 cxb4 14. axb4 Bxb4 15. Bd2
Bc5 16. Na3 a6 17. Qb3 f6 18. Reb1 fxe5 19. Nxe5 Nd6 1/2-1/2

[Event "European Blitz 2021"]
[Site "Katowice POL"]
[Date "2021.12.17"]
[Round "19.10"]
[White "Tazbir, Marcin"]
[Black "Szpar, Milosz"]
[Result "1/2-1/2"]
[WhiteTitle "GM"]
[BlackTitle "FM"]
[WhiteElo "2508"]
[BlackElo "2434"]
[WhiteFideId "1122452"]
[BlackFideId "1184989"]
[EventDate "2021.12.17"]

1. c4 e5 2. g3 Nc6 3. Bg2 f5 4. Nc3 Nf6 5. e3 d5 6. cxd5 Nb4 7. d3 Nfxd5 8. Nxd5
Nxd5 9. Ne2 Nf6 10. Qb3 c6 11. Bd2 Bd6 12. Bb4 Bxb4+ 13. Qxb4 a5 14. Qc3 Qe7 15.
O-O O-O 16. e4 fxe4 17. dxe4 Kh8 18. Rae1 Bg4 19. f4 Rfe8 1/2-1/2

[Event "European Blitz 2021"]
[Site "Katowice POL"]
[Date "2021.12.17"]
[Round "19.11"]
[White "Keinanen, Toivo"]
[Black "Sumets, Andrey"]
[Result "1-0"]
[WhiteTitle "IM"]
[BlackTitle "GM"]
[WhiteElo "2468"]
[BlackElo "2524"]
[WhiteFideId "509825"]
[BlackFideId "14105500"]
[EventDate "2021.12.17"]

1. d4 d5 2. Nf3 Nf6 3. e3 e6 4. Bd3 c5 5. c3 Nc6 6. O-O Bd6 7. dxc5 Bxc5 8. b4
Bd6 9. Nbd2 O-O 10. Bb2 a5 11. b5 Ne5 12. Nxe5 Bxe5 13. Nf3 Bd6 14. c4 b6 15.
cxd5 Nxd5 16. Nd4 Bb7 17. Rc1 Qh4 18. g3 Qh3 19. Nc6 Bc5 20. Be4 Bxc6 21. bxc6
Rad8 22. Qf3 f5 23. Bxd5 Rxd5 24. Rcd1 1-0

[Event "European Blitz 2021"]
[Site "Katowice POL"]
[Date "2021.12.17"]
[Round "19.12"]
[White "Donchenko, Alexander"]
[Black "Lewtak, Damian"]
[Result "0-1"]
[WhiteTitle "GM"]
[BlackTitle "IM"]
[WhiteElo "2636"]
[BlackElo "2383"]
[WhiteFideId "24603295"]
[BlackFideId "1141724"]
[EventDate "2021.12.17"]

1. Nf3 g6 2. d4 Bg7 3. g3 d6 4. Bg2 e5 5. dxe5 dxe5 6. Qxd8+ Kxd8 7. c4 f6 8.
Nc3 c6 9. b3 Bf8 10. Bb2 Be6 11. h4 h5 12. O-O-O+ Kc7 13. Bh3 Bxh3 14. Rxh3 Nd7
15. Rhh1 Rd8 16. Ne4 Be7 17. Ne1 Nh6 18. Ng2 Nc5 19. Nxc5 Bxc5 20. f4 Ng4 21.
fxe5 fxe5 22. Rxd8 Rxd8 23. Rf1 0-1

[Event "European Blitz 2021"]
[Site "Katowice POL"]
[Date "2021.12.17"]
[Round "19.13"]
[White "Kosakowski, Jakub"]
[Black "Pultinevicius, Paulius"]
[Result "0-1"]
[WhiteTitle "IM"]
[BlackTitle "GM"]
[WhiteElo "2437"]
[BlackElo "2546"]
[WhiteFideId "1185080"]
[BlackFideId "12809390"]
[EventDate "2021.12.17"]

1. e4 c6 2. Nf3 d5 3. Nc3 dxe4 4. Nxe4 Nf6 5. Qe2 Nxe4 6. Qxe4 Be6 7. Bc4 Bxc4
8. Qxc4 Qd5 9. Qe2 c5 10. O-O Nc6 11. b3 e5 12. Bb2 f6 13. Rad1 Kf7 14. Nh4 Bd6
15. Nf5 Qe6 16. Qc4 Bf8 17. f4 Qxc4 0-1

[Event "European Blitz 2021"]
[Site "Katowice POL"]
[Date "2021.12.17"]
[Round "19.14"]
[White "Brodowski, Piotr"]
[Black "Mirzoev, Emil"]
[Result "1-0"]
[WhiteTitle "IM"]
[BlackTitle "GM"]
[WhiteElo "2443"]
[BlackElo "2474"]
[WhiteFideId "1124480"]
[BlackFideId "14108640"]
[EventDate "2021.12.17"]

1. c4 Nf6 2. Nc3 g6 3. g3 Bg7 4. Bg2 O-O 5. Nf3 d6 6. O-O Nc6 7. d4 Bf5 8. h3
Ne4 9. Nd5 Bd7 10. Qd3 f5 11. Ng5 Nxd4 12. Nxe4 fxe4 13. Qxe4 e5 14. g4 c6 15.
Nc3 Qe7 16. Be3 Qf7 17. Qd3 1-0

[Event "European Blitz 2021"]
[Site "Katowice POL"]
[Date "2021.12.17"]
[Round "19.15"]
[White "Plat, Vojtech"]
[Black "Gumularz, Szymon"]
[Result "1-0"]
[WhiteTitle "GM"]
[BlackTitle "GM"]
[WhiteElo "2546"]
[BlackElo "2539"]
[WhiteFideId "325740"]
[BlackFideId "1188062"]
[EventDate "2021.12.17"]

1. e4 c6 2. Nf3 d5 3. d3 dxe4 4. dxe4 Qxd1+ 5. Kxd1 Nf6 6. Nbd2 g6 7. Ne1 Bg7 8.
f3 Be6 9. Nd3 Bh6 10. a4 Na6 11. c3 O-O-O 12. Kc2 Nd7 13. b4 f5 14. exf5 Bxf5
15. Ne4 Bxc1 1-0

[Event "European Blitz 2021"]
[Site "Katowice POL"]
[Date "2021.12.17"]
[Round "19.16"]
[White "Sadzikowski, Daniel"]
[Black "Niedbala, Bartlomiej"]
[Result "1-0"]
[WhiteTitle "GM"]
[BlackTitle "FM"]
[WhiteElo "2525"]
[BlackElo "2385"]
[WhiteFideId "1132253"]
[BlackFideId "21834008"]
[EventDate "2021.12.17"]

1. c4 c5 2. Nf3 Nc6 3. Nc3 g6 4. g3 Bg7 5. Bg2 e5 6. a3 a5 7. O-O d6 8. d3 Nge7
9. Ne1 Be6 10. Nd5 O-O 11. Nc2 h6 12. Rb1 a4 13. b4 axb3 14. Rxb3 Bxd5 15. cxd5
Na5 16. Rb1 Qd7 17. Bd2 Rfb8 18. e4 Qa4 19. Ne3 Qxd1 20. Rfxd1 b5 21. Bf1 h5 22.
Rb2 1-0

[Event "European Blitz 2021"]
[Site "Katowice POL"]
[Date "2021.12.17"]
[Round "19.17"]
[White "Mis, Mieszko"]
[Black "Nasuta, Grzegorz"]
[Result "1-0"]
[WhiteTitle "FM"]
[BlackTitle "GM"]
[WhiteElo "2417"]
[BlackElo "2521"]
[WhiteFideId "1196448"]
[BlackFideId "1141686"]
[EventDate "2021.12.17"]

1. d4 d5 2. c4 c6 3. Nf3 Nf6 4. Qc2 dxc4 5. Qxc4 Bg4 6. Nbd2 e6 7. g3 Nbd7 8.
Bg2 Be7 9. O-O O-O 10. Qb3 Qb6 11. Nc4 Qa6 12. Bf4 Nd5 13. Bd2 b5 14. Ne3 Nxe3
15. Bxe3 Rac8 16. h3 Bh5 17. g4 Bg6 18. a4 b4 1-0

[Event "European Blitz 2021"]
[Site "Katowice POL"]
[Date "2021.12.17"]
[Round "19.18"]
[White "Kyc, Jerzy"]
[Black "Zakrzewski, Marek"]
[Result "0-1"]
[BlackTitle "FM"]
[WhiteElo "2250"]
[BlackElo "2287"]
[WhiteFideId "1163922"]
[BlackFideId "1170694"]
[EventDate "2021.12.17"]

1. e4 c5 2. Nf3 e6 3. d4 cxd4 4. Nxd4 Nc6 5. Nb5 d6 6. c4 Nf6 7. N1c3 a6 8. Na3
Be7 9. Be2 O-O 10. O-O b6 11. Be3 Bb7 12. Rc1 Rc8 13. f4 Na5 14. Bd3 d5 15. cxd5
exd5 16. Nxd5 Rxc1 17. Nxe7+ Qxe7 18. Qxc1 Bxe4 19. Bxe4 Qxe4 20. Bxb6 Nc6 21.
Re1 Qd5 22. b3 h5 23. Nc4 Nb4 0-1

[Event "European Blitz 2021"]
[Site "Katowice POL"]
[Date "2021.12.17"]
[Round "19.19"]
[White "Wisniewski, Michal"]
[Black "Gerasimenyuk, Mikhail"]
[Result "1-0"]
[WhiteTitle "FM"]
[BlackTitle "FM"]
[WhiteElo "2103"]
[BlackElo "2136"]
[WhiteFideId "1159682"]
[BlackFideId "14111845"]
[EventDate "2021.12.17"]

1. Nf3 d5 2. c4 c6 3. g3 Nf6 4. Bg2 Bg4 5. Ne5 Be6 6. O-O h5 7. h3 Nbd7 8. d4
Nxe5 9. dxe5 Ne4 10. cxd5 Bxd5 11. Qc2 f5 12. exf6 Nxf6 13. e4 Bf7 14. e5 Nd5
15. Re1 e6 16. Nd2 Bb4 17. a3 Ba5 18. b4 Bb6 19. Nc4 O-O 20. Rf1 Bd4 21. Bb2
Bxb2 22. Qxb2 Bg6 23. Nd6 Qb6 24. Qd2 a5 25. Qg5 1-0